Marvel and DC Superheroes - Statistics

General Stats
  • This quiz has been taken 122 times
  • The average score is 8 of 10
Answer Stats
Description Answer % Correct
James Barnes was his best friend. Captain America
94%
His father created Captain America's vibranium shield. Iron Man
94%
He got his powers from exposure to gamma rays. The Hulk
94%
His first comic appearance was in 1939. Batman
92%
The comic his first appearance was in is worth over 3 million dollars today. Superman
92%
Everyone's favorite Amazonian princess. Wonder Woman
90%
This former thief fought Falcon in his own movie. Ant-Man
66%
His real name is J'onn J'onzz. Martian Manhunter
62%
His first appearance was in Amazing Fantasy #15. Spider-Man
58%
He is a master of martial arts. Also, his name in japanese is the same name as a video game. Iron Fist
30%
No matching quizzes found
Score Distribution
Percent of People with Each Score
Percentile by Number Answered
Your Score History
You have not taken this quiz